• 首页
  • 本馆介绍
  • 公告通知
  • 最新文献
  • 馆藏检索
  • 电子资源
  • 读者导购
  • 参考咨询
  • 我的图书馆
  • 登录
  • 详细信息显示
  • 放入我的书架
  • 预约/预借图书
  • 作者相关作品
  • 分类相关作品
  • 丛书相关作品
  • 出版社相关作品

书目信息

  • 表格格式
  • 工作单格式
  • 卡片格式
题名:
每天学点博弈诡计学
    
 
作者: 黄哲东 编著
分册:  
出版信息: 北京   国家行政学院出版社  2010
页数: 308页
开本: 24cm
丛书名:
单 册:
中图分类: O225-49
科图分类:
主题词: 博弈论--通俗读物 , 博弈论
电子资源:
ISBN: 978-7-80140-878-5
000 00811nam0 2200241 45
001 1129252406
005 20110420091437.31
010    @a978-7-80140-878-5@dCNY29.80
100    @a20110416d2010 em y0chiy0110 ea
101 0  @achi
102    @aCN@b110000
105    @aa z 000yy
106    @ar
200 1  @a每天学点博弈诡计学@AMei Tian Xue Dian Bo Yi Gui Ji Xue@f黄哲东编著@FHuang Zhe Dong Bian Zhu
210    @a北京@c国家行政学院出版社@d2010
215    @a308页@c图@d24cm
330    @a本书精选了博弈论中最具有实用价值的博弈模型,并紧密结合现代生活中的各种现象,经过由浅入深的分析,最后总结出最有利的策略与决定。
606 0  @a博弈论@j通俗读物
606 0  @a博弈论
690    @aO225-49@v4
701  0 @a黄哲东@AHuang Zhe Dong@4编著
801  0 @aCN@bTANGWEI@c20110420
905    @b0537690-94@dO225-49@e149@f5
    
    每天学点博弈诡计学/黄哲东编著.-北京:国家行政学院出版社,2010
    308页:图;24cm
    
    
    ISBN 978-7-80140-878-5:CNY29.80
    本书精选了博弈论中最具有实用价值的博弈模型,并紧密结合现代生活中的各种现象,经过由浅入深的分析,最后总结出最有利的策略与决定。
●
相关链接 在E读中查询图书 在五车中查询图书 在当当中查询图书 在豆瓣中查询图书


正题名:每天学点博弈诡计学     索取号:O225-49/149         预约/预借

序号 登录号 条形码 馆藏地/架位号 状态 备注
1 0537690   205376902   第二样本阅览室/ [索取号:O225-49/149] 在馆    
2 0537691   205376911   第三借阅区/ [索取号:O225-49/149] 在馆    
3 0537692   205376920   第三借阅区/ [索取号:O225-49/149] 在馆    
4 0537693   205376939   第三借阅区/ [索取号:O225-49/149] 在馆    
5 0537694   205376948   第三借阅区/ [索取号:O225-49/149] 在馆    
唐山师范学院图书馆 欢迎您!
大连网信软件有限公司© 版权所有